000 00454pab a2200157 454500
008 180718b2014 xxu||||| |||| 00| 0 eng d
100 _aThadathil, Abhilash
245 _aAnthropological solution to a socio-economic problem: A critical analysis of the colonial literature on Travancore hill tribes
260 _c2014
300 _ap.397-407.
362 _aOct-Dec
650 _aTribes
773 _aSocial Action
908 _aN
909 _a106023
999 _c106018
_d106018